| 000 | 00467nam a22001697a 4500 | ||
|---|---|---|---|
| 020 | _a9788170202936 | ||
| 082 |
_a294.382 325 _bCOW/J.3 |
||
| 245 |
_aThe Jataka or stories of the Buddha's former births (vol.3)/ _cby Cowell E B (ed.) |
||
| 260 |
_aNewdelhi: _bCosmo Publications, _c2014. |
||
| 300 | _a328p. | ||
| 650 | _aBuddhism | ||
| 650 | _aReligion | ||
| 700 | _aCowell E B (ed.) | ||
| 700 | _aFrancis H T (tr. ) | ||
| 700 | _aNeil R A (tr.) | ||
| 942 | _cBK | ||
| 999 |
_c173803 _d173803 |
||